000 02194nam a2200277 a 4500
001 114212
003 DR-UNIBE
005 20251113101826.0
007 cr nn 008mamaa
008 251113s2025 xx l s 00001spa
020 _a9789978777527 (electrónico)
040 _aBIBLIOTECA UNIBE
_cBIBLIOTECA UNIBE
_erda
041 _aspa
100 _aGuerrero Salgado, Efrén
_eautor
_9200742
245 1 0 _aApuntes básicos de derecho internacional público
260 _a[Lugar de publicación no identificado] :
_bPontificia Universidad Católica del Ecuador,
_c2025
300 _a273 páginas
500 _aRecurso en línea: Disponible para miembros de UNIBE a través del portal web del CRAI: https://www.unibe.edu.do/biblioteca/libros-electronicos/
505 _aCapítulo 1. Derecho internacional público: una aproximación | Capítulo 2. Sistema de fuentes: las herramientas del derecho internacional público | Capítulo 3. Sujetos del derecho internacional público | Capítulo 4. Responsabilidad internacional | Capítulo 5. Medios de solución de controversias: altas cortes y organismos internacionales | Capítulo 6. Derecho internacional penal | Capítulo 7. Derecho internacional humanitario |
520 3 _aEste libro ofrece una introducción esencial al Derecho Internacional, abordando sus fundamentos, fuentes, sujetos, responsabilidad internacional y mecanismos de solución de controversias, centrado en el contexto ecuatoriano. Analiza la jurisprudencia de cortes internacionales, la responsabilidad tanto estatal como individual, y la aplicación del Derecho Internacional Humanitario en conflictos armados. Además, examina la cooperación y el cumplimiento de las normas internacionales, explorando su impacto en desafíos contemporáneos como el cambio climático, la protección de los derechos humanos, la lucha contra el crimen transnacional organizado y los conflictos por recursos naturales
650 7 _2lemb
_aDerecho internacional
650 7 _2lemb
_aDerecho humano
_9200744
655 4 _aRecurso electrónico
_942681
856 _uhttps://ebookcentral.proquest.com/lib/unibedr/detail.action?docID=32125894
942 _2ddc
_cEB
999 _c114213
_d114213